Exposición Universal de Amberes : patrocinada por S.M. el rey Leopoldo II : enseñanza, artes liberales e industriales, industria, marina y comercio, pesca y piscicultura, electricidad, agricultura y horticultura : reglamento general patrocinada por S.M. el rey Leopoldo II :
MARC
| LEADER | 00000nam a2200000Ia 4500 | ||
|---|---|---|---|
| 001 | 15865 | ||
| 003 | BGR | ||
| 005 | 20260410113636.0 | ||
| 008 | 160829s1885?] xx 000 0 cat d | ||
| 080 | |a RF-13-5 | ||
| 111 | |a Exposició Universal d'Ambéres |9 70745 |c (Ambéres : |d 1885) | ||
| 245 | |a Exposición Universal de Amberes : |b patrocinada por S.M. el rey Leopoldo II : |b enseñanza, artes liberales e industriales, industria, marina y comercio, pesca y piscicultura, electricidad, agricultura y horticultura : |b reglamento general | ||
| 260 | |a Amberes : |b [s.n., |c 1885?] | ||
| 300 | |a [4] p. ; |c 29 cm | ||
| 590 | |a A la part superior de la portada: Reino de Bélgica. | ||
| 590 | |a Prové de 1403, exp. 19. | ||
| 650 | |a Exposicions |x Amberes |x 1885 |x Normes |9 46923 | ||
| 856 | 4 | |u https://media.diba.cat/diba/fitxers/arxiu/fulletons/bib_15865_1885_baixa.pdf |y Accés lliure | |
| 856 | 4 | |u https://media.diba.cat/diba/fitxers/arxiu/fulletons/bib_15865_1885_baixa.pdf |y Accés lliure | |
| 900 | |a bib_15865_1885_baixa.pdf | ||
| 901 | |a Arxiu | ||
| 942 | |n 1 |2 udc |c MON | ||
| 952 | |0 0 |1 0 |4 0 |6 RF135 |7 1 |9 53530 |a Arxiu |b Arxiu |d 2016-12-01 |l 0 |o RF-13-5 |p 15865 |r 2016-12-01 00:00:00 |w 2016-12-01 |y ARXIU | ||
| 999 | |c 57396 |d 57396 | ||